| 000 | 00599nam a22002057a 4500 | ||
|---|---|---|---|
| 001 | 00028439 | ||
| 005 | 20260304091246.0 | ||
| 008 | 260304b ag ||||| |||| 00| 0 spa d | ||
| 040 |
_aAR-CcCEOS _bspa _cAR-CcCEOS |
||
| 041 | _aspa | ||
| 080 | _a820-2(082) | ||
| 090 | _bMON | ||
| 100 |
_aMontesquieu-Lauragais (France) _9745 |
||
| 245 |
_aOBRAS el espiritu : _bgrandeza y decadencia de los romanos / _cMontesquieu |
||
| 260 |
_aBuenos Aires : _bEl Ateneo. |
||
| 300 |
_a914 p. ; _c19x13 cm. |
||
| 490 | _vColección Clásicos Inolvidables | ||
| 655 | 0 |
_aliteratura _919 |
|
| 942 |
_2udc _cBK _n0 |
||
| 999 |
_c28465 _d28465 |
||